<?xml version='1.0' encoding='UTF-8'?>
  <record xmlns="http://www.loc.gov/MARC21/slim">
    <leader>00000cam a2200000 i 4500</leader>
    <controlfield tag="001">ocm65076618</controlfield>
    <controlfield tag="003">OCoLC</controlfield>
    <controlfield tag="005">20240917042730.3</controlfield>
    <controlfield tag="008">891013s1606    ne            000 0 dut d</controlfield>
    <datafield tag="040" ind1=" " ind2=" ">
      <subfield code="a">NLGGC</subfield>
      <subfield code="b">dut</subfield>
      <subfield code="e">rda</subfield>
      <subfield code="c">NLGGC</subfield>
      <subfield code="d">L2U</subfield>
      <subfield code="d">OCLCQ</subfield>
      <subfield code="d">OCLCO</subfield>
      <subfield code="d">OCLCL</subfield>
      <subfield code="d">OCLCQ</subfield>
    </datafield>
    <datafield tag="029" ind1="0" ind2=" ">
      <subfield code="a">NLGGC</subfield>
      <subfield code="b">055963056</subfield>
    </datafield>
    <datafield tag="035" ind1=" " ind2=" ">
      <subfield code="a">(OCoLC)65076618</subfield>
    </datafield>
    <datafield tag="045" ind1=" " ind2=" ">
      <subfield code="a">t6u0</subfield>
    </datafield>
    <datafield tag="084" ind1=" " ind2=" ">
      <subfield code="a">15.70</subfield>
      <subfield code="2">bcl</subfield>
    </datafield>
    <datafield tag="100" ind1="1" ind2=" ">
      <subfield code="a">Duym, Jacob,</subfield>
      <subfield code="d">1547-ca. 1623.</subfield>
    </datafield>
    <datafield tag="245" ind1="1" ind2="4">
      <subfield code="a">Een Ghedenck-boeck, het welck ons leert aen al het quaet en den grooten moetwil van de Spaingnaerden en haren aenhanck ons aen-ghedaen te ghedencken. Ende de groote liefde ende trou vande princen uyt den huyse van Nassau, aen ons betoont, eeuwelick te onthouden. :</subfield>
      <subfield code="b">Speel-wijs in dicht ghestelt /</subfield>
      <subfield code="c">door Jacob Duym.</subfield>
    </datafield>
    <datafield tag="246" ind1="3" ind2=" ">
      <subfield code="a">Nassausche Perseus, verlosser van Andromeda</subfield>
    </datafield>
    <datafield tag="246" ind1="3" ind2=" ">
      <subfield code="a">Moordadich stuck van Balth. Gerards</subfield>
    </datafield>
    <datafield tag="246" ind1="3" ind2=" ">
      <subfield code="a">Benoude belegheringe der stad Leyden</subfield>
    </datafield>
    <datafield tag="246" ind1="3" ind2=" ">
      <subfield code="a">Belegheringhe der stadt Antwerpen</subfield>
    </datafield>
    <datafield tag="246" ind1="3" ind2=" ">
      <subfield code="a">Cloeck-moedighe ende stoute daet, van het innemen des casteels van Breda</subfield>
    </datafield>
    <datafield tag="246" ind1="3" ind2=" ">
      <subfield code="a">Bewys dat beter is eenen goeden crijgh dan eenen gheveynsden peys</subfield>
    </datafield>
    <datafield tag="264" ind1=" " ind2="1">
      <subfield code="a">Ghedrvckt tot Leyden :</subfield>
      <subfield code="b">By Henr. Lodowijcxszoon van Haestens,</subfield>
      <subfield code="c">1606.</subfield>
    </datafield>
    <datafield tag="300" ind1=" " ind2=" ">
      <subfield code="a">6 stukken + inleiding :</subfield>
      <subfield code="b">zinnebeeldige titelvignetten en een portret ;</subfield>
      <subfield code="c">4o</subfield>
    </datafield>
    <datafield tag="336" ind1=" " ind2=" ">
      <subfield code="a">tekst</subfield>
      <subfield code="b">txt</subfield>
      <subfield code="2">rdacontent/dut</subfield>
    </datafield>
    <datafield tag="337" ind1=" " ind2=" ">
      <subfield code="a">zonder medium</subfield>
      <subfield code="b">n</subfield>
      <subfield code="2">rdamedia/dut</subfield>
    </datafield>
    <datafield tag="338" ind1=" " ind2=" ">
      <subfield code="a">band</subfield>
      <subfield code="b">nc</subfield>
      <subfield code="2">rdacarrier/dut</subfield>
    </datafield>
    <datafield tag="500" ind1=" " ind2=" ">
      <subfield code="a">1#*-3* 4 2#A-G 4 3#2 A-H 4 4#a-i 4 5#3 A-G 4 6#4 A-G 4 7#5 A-g 4 5 [H]1.</subfield>
    </datafield>
    <datafield tag="500" ind1=" " ind2=" ">
      <subfield code="a">Bevat, met afz. titelbl. en sign.: Een Nassavshce [sic] Perseus, verlosser van Andromeda, ofte De Nederlantsche Maeght. - Het moordadich stuck van Balth. Gerards. - Benoude belegheringe der stad Leyden. - Belegheringhe der stadt Antwerpen. - De cloeck-moedighe ende stoute daet, van het innemen des casteels van Breda ... - Een bewys dat beter is eenen goeden crijgh dan eenen gheveynsden peys.</subfield>
    </datafield>
    <datafield tag="530" ind1=" " ind2=" ">
      <subfield code="a">Titel is geselecteerd voor digitalisering voor de Universiteit van Amsterdam in het kader van het Google Books-project.</subfield>
    </datafield>
    <datafield tag="650" ind1=" " ind2="4">
      <subfield code="a">15.70 history of Europe.</subfield>
    </datafield>
    <datafield tag="648" ind1=" " ind2="4">
      <subfield code="a">1568-1606.</subfield>
    </datafield>
    <datafield tag="650" ind1=" " ind2="7">
      <subfield code="a">15.70 history of Europe.</subfield>
      <subfield code="0">(NL-LeOCL)077599594</subfield>
      <subfield code="2">bcl</subfield>
    </datafield>
    <datafield tag="650" ind1="1" ind2="7">
      <subfield code="a">Tachtigjarige oorlog.</subfield>
      <subfield code="2">gtt</subfield>
      <subfield code="0">(NL-LeOCL)078683912</subfield>
    </datafield>
    <datafield tag="651" ind1=" " ind2="7">
      <subfield code="a">Leiden.</subfield>
      <subfield code="2">gtt</subfield>
      <subfield code="0">(NL-LeOCL)088168328</subfield>
    </datafield>
    <datafield tag="651" ind1=" " ind2="7">
      <subfield code="a">Antwerpen (stad)</subfield>
      <subfield code="2">gtt</subfield>
      <subfield code="0">(NL-LeOCL)090646991</subfield>
    </datafield>
    <datafield tag="651" ind1=" " ind2="7">
      <subfield code="a">Breda (stad)</subfield>
      <subfield code="2">gtt</subfield>
      <subfield code="0">(NL-LeOCL)087007770</subfield>
    </datafield>
    <datafield tag="710" ind1="0" ind2=" ">
      <subfield code="a">Haestens, Henrick Lodewijcxsoon van (Leiden)</subfield>
      <subfield code="4">prt</subfield>
      <subfield code="0">(NL-LeOCL)077133722</subfield>
    </datafield>
    <datafield tag="758" ind1=" " ind2=" ">
      <subfield code="a">Een ghedenck-boeck, het welck ons leert aen al het quaet en den grooten moetwil van de Spaingnaerden ... te ghedencken (Text)</subfield>
      <subfield code="1">https://id.oclc.org/worldcat/entity/E39PCYHXPJBPfjkjcfdp7qG9wC</subfield>
      <subfield code="4">https://id.oclc.org/worldcat/ontology/hasWork</subfield>
    </datafield>
    <datafield tag="776" ind1="0" ind2=" ">
      <subfield code="t">Een Ghedenck-boeck, het welck ons leert aen al het quaet en den grooten moetwil van de Spaingnaerden en haren aenhanck ons aen-ghedaen te ghedencken. Ende de groote liefde ende trou vande princen uyt den huyse van Nassau, aen ons betoont, eeuwelick te onthouden.</subfield>
      <subfield code="w">(NL-LeOCL)396695159</subfield>
    </datafield>
    <datafield tag="776" ind1="0" ind2=" ">
      <subfield code="t">Een Ghedenck-boeck, het welck ons leert aen al het quaet en den grooten moetwil van de Spaingnaerden en haren aenhanck ons aen-ghedaen te ghedencken. Ende de groote liefde ende trou vande princen uyt den huyse van Nassau, aen ons betoont, eeuwelick te onthouden.</subfield>
      <subfield code="w">(NL-LeOCL)408363320</subfield>
    </datafield>
    <datafield tag="936" ind1=" " ind2=" ">
      <subfield code="a">BATCHLOAD</subfield>
    </datafield>
  </record>